| 000 | 01544nam0a2200325 4500 | ||
|---|---|---|---|
| 001 | RU\NLR\BIBL_A\010549954 | ||
| 005 | 20161216140829.0 | ||
| 010 |
_a978-5-295-05763-2 _97350 |
||
| 021 |
_aRU _b2014-57717 _93498 |
||
| 035 | _a(NLR Aleph) 010549954 | ||
| 090 |
_a10332630 _c10332630 |
||
| 100 | _a20141201d2014 d y0rusy50 ca | ||
| 101 | 0 | _abak | |
| 102 | _aRU | ||
| 105 | _aa z 000yy | ||
| 200 | 1 |
_aБашҡорт теле. Ябай һөйләм синтаксисы _e7 [кл.] _eдөйөм белем биреү учреждениелары өсөн д-лек _fӘ. М. Аҙнабаев, С. А. Таһирова |
|
| 205 | _a6-сы баҫма | ||
| 210 |
_aӨфө _cКитап _d2014 |
||
| 215 |
_a176 б., [4] л. цв. ил. _d22 |
||
| 300 | _aНа обл. авт. не указаны | ||
| 541 | 1 |
_6z01790 _aБашкирский язык _eучеб. для 7 кл. общеобразоват. учреждений _zrus |
|
| 606 | 1 |
_aБашкирский язык _jУчебники для средней школы _2nlr_sh1 _2nlr_sh2 _3RU\NLR\AUTH\66121857 |
|
| 686 | 1 | _aШ163.22-922.1[7] | |
| 700 | 1 |
_aАҙнабаев _bӘ. М. _f1934- _gӘхмәр Мөхәмәтдин улы _3RU\NLR\auth-onl\77790 _4070 |
|
| 701 | 1 |
_aТаһирова _bС. А. _gСәлимә Айбулат ҡыҙы _4070 |
|
| 790 | 1 |
_6z01541 _aАзнабаев _bА. М. _f1934- _gАхмер Мухаметдинович _3RU\NLR\auth-onl\77791 _4070 |
|
| 852 |
_aNLR _bОНЛ _jБашк./3-5514 |
||
| 942 | _cBOOK | ||
| 980 | _aNB | ||